NBA Draft picks of 2025 - Statistics

General Stats
  • This quiz has been taken 42 times
  • The average score is 9 of 15
Answer Stats
Hint Answer % Correct
1st round, 1st overall pick (Mavericks) Cooper Flagg
100%
1st round, 3rd overall pick (76ers) VJ Edgecombe
89%
1st round, 4th overall pick (Hornets) Kon Knueppel
87%
1st round, 2nd overall pick (Spurs) Dylan Harper
82%
1st round, 5th overall pick (Jazz) Ace Bailey
79%
1st round, 7th overall pick (Pelicans) Jeremiah Fears
66%
1st round, 8th overall pick (Nets) Egor Demin
63%
1st round, 6th overall pick (Wizards) Tre Johnson
61%
1st round, 9th overall pick (Raptors) Collin Murray-Boyles
58%
1st round, 14th overall pick (Spurs) Carter Bryant
47%
1st round, 13th overall pick (Hawks) Derik Queen
47%
1st round, 11th overall pick (Trailblazers) Cedric Coward
39%
1st round, 15th overall pick (Thunder) Thomas Sorber
37%
1st round, 12th overall pick (Bulls) Noa Essengue
34%
1st round, 10th overall pick (Rockets) Khaman Maluach
32%
No matching quizzes found
Score Distribution
Percent of People with Each Score
Percentile by Number Answered
Your Score History
You have not taken this quiz